| 000 | 01041nam a2200193 a 4500 | ||
|---|---|---|---|
| 008 | 120416s1975 ||||||||||||||||| || u | ||
| 050 | _aGB 365.Z2 Lan | ||
| 100 | _aMansfield, J. E | ||
| 245 | 1 | 0 | _aLand resources of the Northern and Luapula Provinces, Zambia: a reconnaissance assessment |
| 260 |
_aSurrey _bMinistry of Overseas Development _c1975 |
||
| 300 | _a3 vol. | ||
| 350 | _a0.00 | ||
| 650 | _aNATURAL RESOURCES-- ZAMBIA | ||
| 650 | _aLAND USE--ZAMBIA | ||
| 995 |
_aSPECIAL COLLECTIONS _D0.00 _e700165 _FCBU-MAIN LIBRARY (Kitwe) _H2 _I0.00 _jZAM GB 365.Z2 Lan _M2 _UAVAILABLE _y56216 _ZZambiana Collection |
||
| 995 |
_aSPECIAL COLLECTIONS _D0.00 _e56217 _FCBU-MAIN LIBRARY (Kitwe) _H3 _I0.00 _jZAM GB 365.Z2 Lan _M3 _UAVAILABLE _y56217 _ZZambiana Collection |
||
| 995 |
_aSPECIAL COLLECTIONS _D0.00 _e700166 _FCBU-MAIN LIBRARY (Kitwe) _H1 _I0.00 _jZAM GB 365.Z2 Lan _M1 _UAVAILABLE _y56215 _ZZambiana Collection |
||
| 995 |
_aSPECIAL COLLECTIONS _D0.00 _e56218 _FCBU-MAIN LIBRARY (Kitwe) _H4 _I0.00 _jZAM GB 365.Z2 Lan _M4 _UAVAILABLE _y56218 _ZZambiana Collection |
||
| 999 |
_c80591 _d80591 |
||